| Record ID | marc_loc_2016/BooksAll.2016.part23.utf8:112984050:502 |
| Source | Library of Congress |
| Download Link | /show-records/marc_loc_2016/BooksAll.2016.part23.utf8:112984050:502?format=raw |
LEADER: 00502nam a2200181 a 4500
001 93980576
003 DLC
005 19941230150756.0
008 930720s1992 mw 000 0 eng
010 $a 93980576
040 $aDLC$cDLC
050 00 $aPR9385.9.C44$bP98 1992
082 00 $a821$220
100 1 $aChimombo, Steve Bernard Miles.
245 10 $aPython! python! /$cSteve Chimombo.
260 $aDomasi, Malawi :$bWASI Publications,$c1992.
300 $axvii, 109 p. ;$c20 cm.
500 $a"An epic poem"--Cover.